Access or excess? (Record no. 78843)

MARC details
000 -LEADER
fixed length control field 01105cab a22002175a 4500
001 - CONTROL NUMBER
control field L138383
008 - FIXED-LENGTH DATA ELEMENTS--GENERAL INFORMATION
fixed length control field 070601e2007 xxk s 000 0 eng d
035 ## - SYSTEM CONTROL NUMBER
System control number (Sirsi) u138383
041 0# - LANGUAGE CODE
Language code of text/sound track or separate title eng
100 1# - MAIN ENTRY--PERSONAL NAME
Personal name Christie, Colin
245 00 - TITLE STATEMENT
Title Access or excess?
260 ## - PUBLICATION, DISTRIBUTION, ETC.
Date of publication, distribution, etc. 2007
490 ## - SERIES STATEMENT
Series statement Journal of the Law Society of Scotland
Volume/sequential designation 52(5) May 2007, 48-50(3)
520 ## - SUMMARY, ETC.
Summary, etc. Describes access rights in Scotland. These need to be exercised carefully and responsibly to avoid committing an offence. It is a myth that there are no trespass laws in Scotland. The Trespass (Scotland) Act 1865, enacted to keep clans off their ancestral land, is still used regularly. It fails to make clear its definition of private property. The Land Reform (Scotland) Act 2003 provides little protection from prosecution under the 1865 Act. There remains much need for clarification.
590 ## - LOCAL NOTE (RLIN)
Local note KA
650 24 - SUBJECT ADDED ENTRY--TOPICAL TERM
Topical term or geographic name entry element LAND REFORM (SCOTLAND) ACT 2003
650 24 - SUBJECT ADDED ENTRY--TOPICAL TERM
Topical term or geographic name entry element TRESPASS (SCOTLAND) ACT 1865
651 #4 - SUBJECT ADDED ENTRY--GEOGRAPHIC NAME
Geographic name Scotland
Chronological subdivision 1999-
690 ## - LOCAL SUBJECT ADDED ENTRY--TOPICAL TERM (OCLC, RLIN)
Topical term or geographic name as entry element PROPERTY-RURAL AND NATURAL ASSETS-AGRICULTURAL PROPERTY-AGRICULTURAL LAND
942 ## - ADDED ENTRY ELEMENTS (KOHA)
Suppress in OPAC 0
Holdings
Withdrawn status Lost status Source of classification or shelving scheme Damaged status Not for loan Home library Current library Shelving location Date acquired Total Checkouts Full call number Barcode Date last seen Copy number Price effective from Koha item type
    Dewey Decimal Classification     London London Journal article 01/06/2007   L138383 138383-1001 06/08/2019 1 06/08/2019 Journal article